| 000 | 00625nam a2200241Ia 4500 | ||
|---|---|---|---|
| 003 | OSt | ||
| 005 | 20221007110230.0 | ||
| 006 | a|||||r|||| 00| 0 | ||
| 007 | ta | ||
| 008 | 221006b |||||||| |||| 00| 0 eng d | ||
| 024 | _a20,654 | ||
| 037 | _cTextual | ||
| 040 |
_aLCO _cLCO _beng |
||
| 041 |
_2eng _aeng |
||
| 082 | _aZ1,218, K5 | ||
| 100 |
_aJohnson D.H.N. _9707257 |
||
| 245 | 0 | _aRights in Air Space | |
| 260 |
_aNew _bYork Oceana Publications Inc. U.S.A. _c1965 |
||
| 300 | _a129 | ||
| 650 |
_aAIR SPACE _9707258 |
||
| 942 |
_hZ1,218, K5 _cTEXL |
||
| 999 |
_c1190217 _d1190217 |
||